000 00303 a2200157 4500
001 173025
020 _a
040 _cMagnum
100 _aDinorah, Maria
240 1 0 _aGirofle firofla
_lpor
245 1 0 _aGirofle firofla
362 0 _a1899
440 1 _aLĂȘ
697 _aIJ/POESIA
942 _cBK
999 _c173025
_d173025